NEPA Deskbook
| Autor principal: | |
|---|---|
| Formato: | Software eBook |
| Lenguaje: | inglés |
| Publicado: |
Washington DC:
Environmental Law Institute,
2014
|
| Edición: | 4ta. Edicin̤ |
| Materias: | |
| Acceso en línea: | Acceso restringido |
MARC
| LEADER | 00000nam a22000007a 4500 | ||
|---|---|---|---|
| 005 | 2022091901471.0 | ||
| 007 | cu|||| |||| | ||
| 008 | 220919s2014 us |||||s|||| 00||0 eng d | ||
| 020 | |a 978-1-58576-154-8 | ||
| 035 | |a 36420 | ||
| 040 | |a vLex | ||
| 090 | |c 13943 |d 13943 | ||
| 100 | 1 | |a Yost, Nicholas C. | |
| 245 | 1 | 0 | |a NEPA Deskbook |h [Recurso electrn̤ico] / |c Nicholas C. Yost |
| 250 | |a 4ta. Edicin̤ | ||
| 256 | |a Servicio en ln̕ea | ||
| 260 | |a Washington DC: |b Environmental Law Institute, |c 2014 | ||
| 300 | |a 1 recurso electrn̤ico | ||
| 500 | |a The National Environmental Policy Act (NEPA) affects all areas of environmental protection. ELI’s updated NEPA Deskbook, 4th Edition, presents NEPA, along with supporting and related documents, and provides analysis of NEPA’s provisions and their requirements.This “NEPA primer” provides an overview of the legislation, an analysis of the administrative process under NEPA, and a comprehensive examination of the courts’ role in its enforcement. ELI’s NEPA Deskbook, 4th Edition, also provides immediate access to the statute, relevant executive orders, regulations, and guidance materials issued by the Council on Environmental Quality and other agencies, and important judicial decisions.NEPA Deskbook, 4th Edition, is an essential resource for environmental attorneys, compliance managers, environmental consultants, or anyone who deals with environmental regulation and compliance.Complimentary review copies are not available for this title | ||
| 506 | 1 | |a Disponible solo en los productos indicados |d vLex Global |d vLex Global (Academic Edition, excluding Law Schools) |d vLex Global (Academic Edition, Law Schools) | |
| 650 | 0 | 4 | |a Derecho del Medio Ambiente |z Estados Unidos |
| 740 | 0 | |a vLex Libros (Servicio en ln̕ea) | |
| 856 | 4 | 0 | |u https://app.vlex.com/#/sources/36420 |z Acceso restringido |
| 942 | |c BOOK | ||
| 999 | 0 | |a Environmental Law | |


